|
|
|
|
| LEADER |
00000cam a2200000 7i4500 |
| 001 |
0000022182 |
| 005 |
20080725.0 |
| 008 |
080725 |
| 020 |
|
|
|a 9838862517
|
| 090 |
0 |
0 |
|a 398.99928
|b PRO
|
| 100 |
1 |
|
|a Nor Aslina Mamat
|
| 245 |
1 |
0 |
|a Peribahasa (KBSM/PMR/SPM)
|c Nor Aslina Mamat, Mas Anom
|
| 260 |
|
|
|a Selangor :
|b Penerbitan Nadi Ilmu Sdn. Bhd ,
|c 2008
|
| 440 |
|
|
|a Siri terlengkap & terbaik
|
| 650 |
|
0 |
|a Proverbs, Malay
|
| 650 |
|
0 |
|a Proverbs, Malay
|x Elementary education
|
| 700 |
1 |
|
|a Mas Anom
|
| 999 |
|
|
|a 0001035337
|b Book
|c REFERENCE
|e Perbadanan Perpustakaan Awam Johor
|
| 999 |
|
|
|a 0001035338
|b Book
|c REFERENCE
|e Perbadanan Perpustakaan Awam Johor
|
| 999 |
|
|
|a 0001035341
|b Book
|c Teenagers
|e Perbadanan Perpustakaan Awam Johor
|